Espacios de Gelfand discretos y paseos aleatorios

Saved in:
Bibliografiske detaljer
Hovedforfatter: Soto Andrade, Jorge (Author)
Format: Bog
Sprog:spansk
Udgivet: Santiago Universidad de Chile 1984
Fag:
Tags: Tilføj Tag
Ingen Tags, Vær først til at tagge denne postø!

MARC

LEADER 00000nam a2200000 a 4500
001 UCP3729
003 CL-VaPUC
008 990702e19840820CL |||||||||||||||||spa|d
082 0 4 |a 516.15  |b SOT  |2 21 
100 0 |a Soto Andrade, Jorge  |e author  |9 431104 
245 1 0 |a Espacios de Gelfand discretos y paseos aleatorios 
300 |a 40 p 
942 |c BK 
945 |d 19990702 00:00:00  |a crobeson 
260 |a Santiago  |b Universidad de Chile  |c 1984 
650 7 |a ESPACIOS DE GELFAND  |2 CL-VaPUC  |9 431105 
650 7 |a FUNCIONES ESFERICAS  |2 CL-VaPUC  |9 431106 
583 |a last modification  |c 19990702 00:00:00  |k Rodrigo Vera 
999 |c 281936  |d 281934 
952 |0 0  |1 0  |4 0  |6 516_150000000000000_SOT_1984  |7 0  |8 A  |9 323104  |a BIBMAT  |b BIBMAT  |d 2019-11-20  |i 1351508  |o 516.15 SOT 1984  |p 1351508  |r 2025-01-07  |w 2019-11-20  |y BK  |k MAT